Disney channel characters Quiz Stats

 Plays Quiz not verified by Sporcle

Challenge
Share
Tweet
Embed
Score 0/22 Timer 10:00
0 Plays Today
tv show character % Correct
hannah montanamiley
95.9%
hannah montanalilly
80.9%
hanah montanaoliver
80.9%
77.2%
thats so ravenraven
72.4%
wizards of waverly placealex
69.5%
wizards of wavely placejustin
65%
suite life of zack and codylondon
63.8%
wizards of waverly placemax
63%
thats so ravencory
54.1%
Suite life of zack and codymaddie
52%
tv show character % Correct
thats so ravenchelsea
51.2%
thats so raveneddie
50%
suite life on deck bailey
48.8%
mickey mousemickey mouse
39.8%
mickey mouseminnie mouse
37.8%
mickey mousedonald duck
36.2%
hannah montanabilly
30.5%
suite life of zack and codyMr moseby
30.1%
aaron stoneaaron stone
28.5%
wizards of waverly placetheresa
23.6%
suite life of zack and codyestabon
9.3%

You're not logged in!

Compare scores with friends on all Sporcle quizzes.
OR
Log In

You Might Also Like...

Show Comments

Extras

Top Quizzes Today


Score Distribution

Your Account Isn't Verified!

In order to create a playlist on Sporcle, you need to verify the email address you used during registration. Go to your Sporcle Settings to finish the process.

Report this User

Report this user for behavior that violates our Community Guidelines.

Details: